000 00763nmm a2200265 a 4500
001 ocm000700629
003 TR-IsHL
005 20201028130422.0
008 130927s2005 tu tur
007 cr cn
035 _a700629
_b(N$T)
050 0 4 _aPL248.A76
_bA5 2005
090 0 4 _aPL248.A76
_bA5 2005
100 1 _aAröz, Yetkin
245 1 0 _aAnjel Ablam
_h[electronic resource] /
_cYetkin Aröz
250 _a1. bs.
260 _aİstanbul :
_bBroy Yayınları,
_c2005
300 _a80 p.
650 4 _aEğitim
650 4 _aEducation
650 0 _aTürk şiiri
650 0 _aTurkish poetry
650 7 _aPOETRY / Middle Eastern
_2bisacsh
856 4 0 _uhttp://search.ebscohost.com/login.aspx?direct=true&scope=site&db=e011xww&AN=700629
999 _c4012
_d4012